header

Applied mechanics and industrial technologies : (Record no. 131451)

MARC details
000 -LEADER
fixed length control field 02243nam a22004211i 4500
001 - CONTROL NUMBER
control field ebr10777948
003 - CONTROL NUMBER IDENTIFIER
control field CaPaEBR
006 - FIXED-LENGTH DATA ELEMENTS--ADDITIONAL MATERIAL CHARACTERISTICS--GENERAL INFORMATION
fixed length control field m o d
007 - PHYSICAL DESCRIPTION FIXED FIELD--GENERAL INFORMATION
fixed length control field cr cn|||||||||
008 - FIXED-LENGTH DATA ELEMENTS--GENERAL INFORMATION
fixed length control field 121125t20132012sz a ob 101 0 eng d
020 ## - INTERNATIONAL STANDARD BOOK NUMBER
International Standard Book Number 9783038134350 (e-book)
Cancelled/invalid ISBN 9783037855157 (pbk.)
040 ## - CATALOGING SOURCE
Original cataloging agency CaPaEBR
Language of cataloging eng
Description conventions rda
-- pn
Transcribing agency CaPaEBR
035 ## - SYSTEM CONTROL NUMBER
System control number (OCoLC)868961425
050 14 - LIBRARY OF CONGRESS CALL NUMBER
Classification number TA349
Item number .I578 2012eb
082 04 - DEWEY DECIMAL CLASSIFICATION NUMBER
Classification number 620.1
Edition number 23
111 2# - MAIN ENTRY--MEETING NAME
Meeting name or jurisdiction name as entry element International Conference on Applied Mechanics and Manufacturing Technology
Date of meeting (2012 :
Location of meeting Jakarta, Indonesia)
245 10 - TITLE STATEMENT
Title Applied mechanics and industrial technologies :
Remainder of title selected, peer reviewed papers from the 2012 International Conference on Applied Mechanics and Manufacturing Technology (AMMT 2012), August 14-15, 2012, Jakarta, Indonesia /
Statement of responsibility, etc edited by Ford Lumban Gaol.
246 30 - VARYING FORM OF TITLE
Title proper/short title AMMT 2012
264 #1 - PRODUCTION, PUBLICATION, DISTRIBUTION, MANUFACTURE, AND COPYRIGHT NOTICE
Place of production, publication, distribution, manufacture Durnten-Zurich :
Name of producer, publisher, distributor, manufacturer Trans Tech Publications,
Date of production, publication, distribution, manufacture, or copyright notice [2013]
Date of production, publication, distribution, manufacture, or copyright notice �2012
300 ## - PHYSICAL DESCRIPTION
Extent 1 online resource (145 pages) :
Other physical details illustrations.
336 ## - CONTENT TYPE
Content type term text
Source rdacontent
337 ## - MEDIA TYPE
Media type term computer
Source rdamedia
338 ## - CARRIER TYPE
Carrier type term online resource
Source rdacarrier
490 1# - SERIES STATEMENT
Series statement Applied mechanics and materials,
International Standard Serial Number 1660-9336 ;
Volume number/sequential designation volume 234
504 ## - BIBLIOGRAPHY, ETC. NOTE
Bibliography, etc Includes bibliographical references and indexes.
588 ## - SOURCE OF DESCRIPTION NOTE
Source of description note Description based on print version record.
590 ## - LOCAL NOTE (RLIN)
Local note Electronic reproduction. Palo Alto, Calif. : ebrary, 2013. Available via World Wide Web. Access may be limited to ebrary affiliated libraries.
650 #0 - SUBJECT ADDED ENTRY--TOPICAL TERM
Topical term or geographic name as entry element Manufactures
General subdivision Technological innovations
Form subdivision Congresses.
Topical term or geographic name as entry element Mechanics, Applied
Form subdivision Congresses.
655 #0 - INDEX TERM--GENRE/FORM
Genre/form data or focus term Electronic books.
700 1# - ADDED ENTRY--PERSONAL NAME
Personal name Gaol, Ford Lumban.
776 08 - ADDITIONAL PHYSICAL FORM ENTRY
Display text Print version:
Main entry heading International Conference on Applied Mechanics and Manufacturing Technology (2012 : Jakarta, Indonesia)
Title Applied mechanics and industrial technologies.
Place, publisher, and date of publication Durnten-Zurich : Trans Tech Publications, [2013]
Physical description x, 134 pages : illustrations ; 24 cm.
Series data for related item Applied mechanics and materials ; v. 234.
International Standard Book Number 9783037855157
Record control number (OCoLC)819383691
-- (OCoLC)821688741
797 2# - LOCAL ADDED ENTRY--CORPORATE NAME (RLIN)
Corporate name or jurisdiction name as entry element ebrary.
830 #0 - SERIES ADDED ENTRY--UNIFORM TITLE
Uniform title Applied mechanics and materials ;
Volume number/sequential designation v. 234.
856 40 - ELECTRONIC LOCATION AND ACCESS
Uniform Resource Identifier <a href="http://site.ebrary.com/lib/rucke/Doc?id=10777948">http://site.ebrary.com/lib/rucke/Doc?id=10777948</a>
Public note An electronic book accessible through the World Wide Web; click to view

No items available.

© 2026 Rongo University
Contact us: librarian | system librarian | Rongo university